Physica Particularis : Physica Particularis, Quam In Usum Auditorum Philosophiae Conscripsit Joan. Bapt. Horváth, Presbyter Archi-Dioecesis Strigoniensis, AA. LL. Et Philosophiae Doctor, Et In Regia Tyrnaviensi Universitate Physicae Professor Publicus. Editio Quarta Ab Authore Recognita.

Podrobná bibliografia
Hlavný autor: Horváth, Ján Krstiteľ, 1732-1800 (Author)
Korporácia: Trnavská tlačiareň (Printer), knižnice - Knižnica Právnickej akadémie (Signer)
Médium: Kniha
Jazyk:Latin
Vydané: [Trnava] : Typis Tyrnaviensibus, Anno MDCCLXXVII. [=1777]
Vydanie:Editio Quarta
Témy:
Signatúra: V 246a PA
LEADER 02245nam a2200409 a 4500
001 000000077
005 20220316151420.0
008 000526s1777 xo e lat
FMT
040 |a SVKKK  |b slo  |c SVKKK  |e AACR2 
041 0 |a lat 
044 |a xo  |c SK 
080 |a 53 
080 |a (07) 
100 1 |a Horváth, Ján Krstiteľ,  |d 1732-1800  |4 aut 
245 1 0 |a Physica Particularis :  |b Physica Particularis, Quam In Usum Auditorum Philosophiae Conscripsit Joan. Bapt. Horváth, Presbyter Archi-Dioecesis Strigoniensis, AA. LL. Et Philosophiae Doctor, Et In Regia Tyrnaviensi Universitate Physicae Professor Publicus. Editio Quarta Ab Authore Recognita. 
250 |a Editio Quarta 
260 |a [Trnava] :  |b Typis Tyrnaviensibus,  |c Anno MDCCLXXVII. [=1777] 
300 |a [8],447,[1] s. )(/4,A/8-Z/8,Aa/8-Ee/8 [=228] list.  |e 9 obr. príl.  |c 8°. 21x14 cm 
500 |a Vineta ornam., vlys ornam., linky, linky ozdobné, inic. s ornam. pozadím v rámčeku na 5 r., verz. vo voľ. priestore na 2, 3 r., za textom 9 tab. (rytiny) - schémy, náčrty k fyzike, typograf. ozdoby, kustódy, tlač. pozn pod čiarou v lat. jaz. 
510 4 |a Petrik II/167; Hanakovič I/425; Kolodziejský 137/901; Telgársky-Banská III/1629; Podmanická 0; Telgársky 0; Rizner 0; Uherková 0; Pumprla 0; Dokoupil 0; Zelliger 0; OSZK 
550 |a Miesto vydania podľa tlačiarne. 
561 |a Peč.: Štátna vedecká knižnica v Košiciach; Kassai Királyi Akademia Könyvtára. Tlač. exlibris: Kassai királyi jogakademia Könyvtára Szekrény szám XII. Osztályzat e. Rkp.: Regiae Academiae Cassoviensis 1782. 
563 |a Lepenka, svetlohnedá koža, chrbát so zlát. ornam.- link. slepotlačou a s textom "Physica Particu: P. Horva" 
653 1 |a fyzika 
653 1 |a prírodné vedy 
653 2 |a učebnice 
710 0 |a Trnavská tlačiareň  |c Trnava  |d 1773-1777  |4 prt 
710 0 |a knižnice - Knižnica Právnickej akadémie  |c Košice  |4 sgn 
752 |a Slovensko  |d Trnava 
852 |p V 246a PA 
904 |a acf-z---ekc------yyybb1001-- 
905 |a bf-a1cb-  |5 ------- 
910 |a svkkk 
997 |c Kassai Királyi Akademia Könyvtára p. knižnice - Knižnica Právnickej akadémie, Košice  |4 sgn 
998 |a TRNTL 
BAS